Pozsonyvidéki lapok

Politicky nevyhranený týždenník s mnohými pokrokovými myšlienkami, často bojujúci proti konzervatívnym kruhom Bratislavskej župy

Bibliographic Details
Format: Newspaper
Language:Hungarian
PhysicalDescription:18 zv. 36-56 cm
Published: Pozsony Sándor Vutkovich 1873-1890
Subjects:

MARC

LEADER 00000nas a22000002a 4500
001 vtls011911684
003 SK-MaSNL
005 20260228164538.0
008 200401d18731890xo zr n 0 a0hun c
040 |a SNK  |b slo  |c SNK  |e AACR2 
041 0 |a hun 
044 |a xo  |c SK 
072 7 |a 32  |x Politika  |2 konspekt 
072 7 |a 352/354  |x Stupne miestnej, oblastnej a ústrednej správy  |2 konspekt 
080 |a 32  |2 2011 
080 |a (054)  |2 2011 
245 0 0 |a Pozsonyvidéki lapok 
246 1 3 |a Pozsonyvidéki lap  |f 26. júna 1881-17. aug. 1881 
246 1 3 |a Pozsonyvidéki hírlap  |f 20. aug. 1881-12. febr. 1882 
246 1 3 |a Pozsonyvidéki hírlapok  |f 15. febr. 1882-19. mar. 1882 
260 |a Pozsony  |b Sándor Vutkovich  |c 1873-1890 
300 |a 18 zv.  |c 36-56 cm 
310 |a 5x týždenne  |b 12. jan. 1886-1890 
321 |a 3x týždenne  |b 22. mar. 1882- jan. 1886 
321 |a 1x týždenne  |b 16. máj 1880- sept. 1880 
321 |a Denne  |b 1. jan. 1887-máj 1880 
321 |a 2x týždenne  |b 1873-1876, 26. sept. 1880-mar. 1882 
321 |a 2x týždenne  |b 26. sept. 1880-mar. 1882 
362 0 |a 1. évf. 1. sz. (1873. máj. 12.)-18. évf. 174. sz. (1890. szept. 10.)  |z OSZK Katalógus - Amicus ; Bg. inorečových novín a časopisov na Slovensku do roku 1918 
500 |a Podnázov sa mení 
500 |a Vydavatelia sa menia 
520 |a Politicky nevyhranený týždenník s mnohými pokrokovými myšlienkami, často bojujúci proti konzervatívnym kruhom Bratislavskej župy 
650 0 7 |a politika  |2 SNKPH  |9 968 
655 7 |a noviny  |2 SNKPH  |9 72987 
752 |a Slovensko  |d Bratislava 
910 |a snk 
999 |c 13992  |d 15922 
952 |0 0  |1 0  |4 0  |7 0  |8 5  |a SNK  |b SNK  |d 2020-02-10  |i snkF 477/69  |l 0  |o snkČSA 637/6/1878/2  |p 17A0771488  |r 2026-02-21 20:18:57  |t č. 149-300, neúplné  |w 2026-02-21  |y NEVYP  |z Chýba č. 161, 170, 177, 178, 180, 182, 186, 189-195, 197, 199, 201, 202, 209, 217, 219, 220, 223, 226, 234, 238, 242-245, 248, 249, 252, 256, 259-261, 263, 265, 269-274, 276, 279, 282, 283, 287, 290, 294-296, 298 
952 |0 0  |1 0  |4 0  |7 0  |8 3  |a SNK  |b SNK  |d 2020-02-10  |i snkČSK 691/56  |l 0  |o snkČSA 637/5/1877/2  |p 17A0771492  |r 2026-02-21 21:51:01  |t č. 149-298, neúplné  |w 2026-02-21  |y NEVYP  |z Chýba č. 150-152, 164, 198-200, 205, 211, 220, 222-225, 227, 228, 230, 233, 237, 238, 240, 242, 243, 245-250, 253, 254, 263, 265, 266 
952 |0 0  |1 0  |4 0  |7 1  |a SNK  |b SNK  |d 2020-01-17  |f 1  |l 0  |o X.00006/1874  |p 17A1382690  |r 2026-02-21 22:22:12  |t 1874 (1. január 1874 - 31. decem  |w 2026-02-21  |y NEVYP  |z Chýba č. 47, 51, 82, 98 ;  
952 |0 0  |1 0  |4 0  |7 1  |a SNK  |b SNK  |d 2020-01-17  |f 1  |l 0  |o X.00006/1875  |p 17A1382691  |r 2026-02-21 22:22:12  |t 1875 (3. január 1875 - 30. decem  |w 2026-02-21  |y NEVYP  |z Chýba č. 5, 7, 10, 14, 17, 18, 42, 44, 80, 82 ;  
952 |0 0  |1 0  |4 0  |7 1  |a SNK  |b SNK  |d 2020-01-17  |f 1  |l 0  |o X.00006/1876  |p 17A1382692  |r 2026-02-21 22:22:12  |t 1876 (1. január 1876 - 31. decem  |w 2026-02-21  |y NEVYP  |z Chýba č. 12, 13, 16, 19 ;  
952 |0 0  |1 0  |4 0  |7 1  |a SNK  |b SNK  |d 2020-01-17  |f 1  |l 0  |o X.00006/1877  |p 17A1382693  |r 2026-02-21 22:22:24  |t 1877 (2. január 1877 - 31. decem  |w 2026-02-21  |y NEVYP  |z Chýba č. 163, 257 ;  
952 |0 0  |1 0  |4 0  |7 1  |a SNK  |b SNK  |d 2020-01-17  |f 1  |l 0  |o X.00006/1878  |p 17A1382694  |r 2026-02-21 22:22:24  |t 1878 (2. január 1878 - 31. decem  |w 2026-02-21  |y NEVYP  |z Chýba č. 188, 189, 192, 194, 196, 200, 201, 205, 210, 213, 228, 235, 236, 237, 250, 264, 265, 267, 270, 272, 280, 281, 282, 283, 284, 289 ;  
952 |0 0  |1 0  |4 0  |7 1  |a SNK  |b SNK  |d 2020-01-17  |f 1  |l 0  |o X.00006/1879  |p 17A1382695  |r 2026-02-21 22:22:24  |t 1879 (2. január 1879 - 30. decem  |w 2026-02-21  |y NEVYP  |z Chýba č. 8, 206, 208,226, 258, 261, 264, 281, 283, 293, 295, 296 ;  
952 |0 0  |1 0  |4 0  |7 1  |a SNK  |b SNK  |d 2020-01-17  |f 1  |l 0  |o X.00006/1880  |p 17A1382696  |r 2026-02-21 22:22:24  |t 1880 (16. máj 1880 - 30. decembe  |w 2026-02-21  |y NEVYP  |z Chýba č. 7, 12, 15, 26 ;  
952 |0 0  |1 0  |4 0  |7 1  |a SNK  |b SNK  |d 2020-01-17  |f 1  |l 0  |o X.00006/1881/1  |p 17A1382697  |r 2026-02-21 22:22:24  |t 1881 (1. január 1881 - 23. jún 1  |w 2026-02-21  |y NEVYP  |z Chýba č. 13, 20, 21, 26, 28, 31, 34, 41 ;  
952 |0 0  |1 0  |4 0  |7 1  |a SNK  |b SNK  |d 2020-01-17  |f 1  |l 0  |o X.00006/1881/2  |p 17A1382698  |r 2026-02-21 22:22:24  |t 1881 (26. jún 1881 - 17. august   |w 2026-02-21  |y NEVYP  |z Názov: Pozsonyvidéki lap ; chýba č. 7, 11, 14 
952 |0 0  |1 0  |4 0  |7 1  |a SNK  |b SNK  |d 2020-01-17  |f 1  |l 0  |o X.00006/1881/3  |p 17A1382699  |r 2026-02-21 22:22:24  |t 1881 (20. august 1881 - 30. dece  |w 2026-02-21  |y NEVYP  |z Názov: Pozsonyvidéki hirlap ; chýba č. 16, 22, 28, 29, 30, 33 ;  
952 |0 0  |1 0  |4 0  |7 1  |a SNK  |b SNK  |d 2020-01-17  |f 1  |l 0  |o X.00006/1882/1  |p 17A1382700  |r 2026-02-21 22:22:24  |t 1882 (1. január 1882 - 12. febru  |w 2026-02-21  |y NEVYP  |z Názov: Pozsonyvidéki hirlap ; chýba č. 4 ;  
952 |0 0  |1 0  |4 0  |7 1  |a SNK  |b SNK  |d 2020-01-17  |f 1  |l 0  |o X.00006/1882/2  |p 17A1382701  |r 2026-02-21 22:22:24  |t 1882 (15. február 1882 - 19. mar  |w 2026-02-21  |y NEVYP  |z Názov: Pozsonyvidéki hirlapok 
952 |0 0  |1 0  |4 0  |7 1  |a SNK  |b SNK  |d 2020-01-17  |f 1  |l 0  |o X.00006/1882/3  |p 17A1382702  |r 2026-02-21 22:22:24  |t 1882 (22. marec 1882 - 31. decem  |w 2026-02-21  |y NEVYP  |z Chýba č. 4, 6, 18, 27, 41, 51, 53, 59, 60, 64, 68, 69, 73, 78, 79, 90 ;  
952 |0 0  |1 0  |4 0  |7 1  |a SNK  |b SNK  |d 2020-01-17  |f 1  |l 0  |o X.00006/1883/1  |p 17A1382703  |r 2026-02-21 22:22:32  |t 1883 (3. január 1883 - 29. jún 1  |w 2026-02-21  |y NEVYP  |z Cýba č. 23, 24, 25, 29, 32, 40, 43, 63, 102, 129, 143 ;  
952 |0 0  |1 0  |4 0  |7 1  |a SNK  |b SNK  |d 2020-01-17  |f 1  |l 0  |o X.00006/1883/2  |p 17A1382704  |r 2026-02-21 22:22:32  |t 1883 (1. júl 1883 - 28. december  |w 2026-02-21  |y NEVYP  |z Chýba č. 102, 121, 143 ;  
952 |0 0  |1 0  |4 0  |7 1  |a SNK  |b SNK  |d 2020-01-17  |f 1  |l 0  |o X.00006/1884  |p 17A1382705  |r 2026-02-21 22:22:32  |t 1884 (1. január 1884 - 31. decem  |w 2026-02-21  |y NEVYP  |z Chýba č. 147 ;  
952 |0 0  |1 0  |4 0  |7 1  |a SNK  |b SNK  |d 2020-01-17  |f 1  |l 0  |o X.00006/1885  |p 17A1382706  |r 2026-02-21 22:22:33  |t 1885 (1. január 1885 - 31. decem  |w 2026-02-21  |y NEVYP  |z Chýba č. 218, 233 ;  
952 |0 0  |1 0  |4 0  |7 1  |a SNK  |b SNK  |d 2020-01-17  |f 1  |l 0  |o X.00006/1886/1  |p 17A1382707  |r 2026-02-21 22:22:33  |t 1886 (1. január 1886 - 31. marec  |w 2026-02-21  |y NEVYP 
952 |0 0  |1 0  |4 0  |7 1  |a SNK  |b SNK  |d 2020-01-17  |f 1  |l 0  |o X.00006/1886/2  |p 17A1382708  |r 2026-02-21 22:22:33  |t 1886 (1. apríl 1886 - 29. jún 18  |w 2026-02-21  |y NEVYP 
952 |0 0  |1 0  |4 0  |7 1  |a SNK  |b SNK  |d 2020-01-17  |f 1  |l 0  |o X.00006/1886/3  |p 17A1382709  |r 2026-02-21 22:22:37  |t 1886 (1. júl 1886 - 30. septembe  |w 2026-02-21  |y NEVYP 
952 |0 0  |1 0  |4 0  |7 1  |a SNK  |b SNK  |d 2020-01-17  |f 1  |l 0  |o X.00006/1886/4  |p 17A1382710  |r 2026-02-21 22:22:37  |t 1886 (1. október 1886 - 31. dece  |w 2026-02-21  |y NEVYP 
952 |0 0  |1 0  |4 0  |7 1  |a SNK  |b SNK  |d 2020-01-17  |f 1  |l 0  |o X.00006/1887  |p 17A1382711  |r 2026-02-21 22:22:37  |t 1887 (1. január 1887 - 30. decem  |w 2026-02-21  |y NEVYP  |z Chýba č. 133, 213, 214 ;  
952 |0 0  |1 0  |4 0  |7 1  |a SNK  |b SNK  |d 2020-01-17  |f 1  |l 0  |o X.00006/1888  |p 17A1382712  |r 2026-02-21 22:22:37  |t 1888 (1. január 1888 - 30. decem  |w 2026-02-21  |y NEVYP 
952 |0 0  |1 0  |4 0  |7 1  |a SNK  |b SNK  |d 2020-01-17  |f 1  |l 0  |o X.00006/1889  |p 17A1382713  |r 2026-02-21 22:22:37  |t 1889 (1. január 1889 - 31. decem  |w 2026-02-21  |y NEVYP 
952 |0 0  |1 0  |4 0  |7 1  |a SNK  |b SNK  |d 2020-01-17  |f 1  |l 0  |o X.00006/1890  |p 17A1382714  |r 2026-02-21 22:22:37  |t 1890 (1. január 1890 - 10. septe  |w 2026-02-21  |y NEVYP 
952 |0 0  |1 0  |4 0  |7 0  |8 5  |a SNK  |b SNK  |d 2020-02-10  |i snkF 476/69  |l 0  |o snkČSA 637/6/1878/1  |p 17A0771485  |r 2026-02-21 22:22:42  |t č. 1-147, neúplné  |w 2026-02-21  |y NEVYP  |z Chýba č. 23, 24, 45, 49, 50, 60, 71, 77, 78, 90-92, 99, 107, 114-119, 121, 124-126, 131, 133-136, 138, 146 
952 |0 0  |1 0  |4 0  |7 0  |8 5  |a SNK  |b SNK  |d 2020-02-10  |i snkF 474/69  |l 0  |o snkČSA 637/7/1879/1  |p 17A0771489  |r 2026-02-21 22:22:47  |t č. 1-148, neúplné  |w 2026-02-21  |y NEVYP  |z Chýba č. 1, 22, 26, 28, 32, 40, 53, 62 , 71, 72, 81-84, 89-93, 95, 96, 100, 102, 114, 116, 119, 125, 128, 147 
952 |0 0  |1 0  |4 0  |7 0  |a SNK  |b SNK  |d 2020-02-10  |l 0  |o snkČSA 637/5/1877/1  |p 17A0771491  |r 2026-02-21 22:22:52  |t č. 2-148, neúplné  |w 2026-02-21  |y NEVYP  |z Chýba č. 1, 76, 87, 101-107, 110, 117, 118, 127, 132, 136, 137, 149 
952 |0 0  |1 0  |4 0  |7 0  |8 5  |a SNK  |b SNK  |d 2020-02-10  |i snkF 475/69  |l 0  |o snkČSA 637/7/1879/2  |p 17A0771490  |r 2026-02-21 22:22:52  |t č. 149-298, neúplné  |w 2026-02-21  |y NEVYP  |z Chýba č. 153, 155-163, 165, 167-171, 173, 191, 192, 194, 205, 210, 222, 223, 225, 227, 229, 240, 242, 251-258, 260, 261, 268, 270, 276-280, 284, 287-298 
952 |0 0  |1 0  |4 0  |7 0  |8 5  |a SNK  |b SNK  |d 2020-02-10  |i snkF 2438/82  |l 0  |o snkČSA 637/16/1888  |p 17A0771493  |r 2026-02-21 22:22:52  |t č. 1-253, neúplné  |w 2026-02-21  |y NEVYP  |z Sú len č. 134-144, 146-148, 151 
952 |0 0  |1 0  |4 0  |7 0  |8 3  |a SNK  |b SNK  |d 2020-02-10  |i snkK 3779/76  |l 0  |o snkČSA 637/17/1889  |p 17A0771504  |r 2026-02-21 22:22:52  |t len č. 93  |w 2026-02-21  |y NEVYP